000 01464nkm a2200289za 4500
001 84429
003 OSt
005 20260416124704.0
007 kh bo
008 250407s1909 sp ||||| |||| 00| i|spa d
040 _cM-RABA
245 0 1 _a[Retrato del Conde de Floridablanca]
_h[Material gráfico]
260 _c[ca. 1909]
300 _a1 fotografía
_b: fototipia
_c; 19 x 27,5 cm
500 _aReproducción fotográfica del Retrato del Conde de Floridablanca, de Francisco de Goya y situado en la Sala Capitular de la iglesia de San Isidro de Madrid.
500 _aLa fotografía pertenece al artículo: Mélida, J. R.: “Un Morales y un Goya existentes en la Catedral de Madrid”, en B.S.E.E., T. XVII, 1909, p. 1.
500 _aFecha probable, tomada de la publicación en el BSEE.
510 _aMélida, José Ramón: “Un Morales y un Goya existentes en la Catedral de Madrid”, en B.S.E.E., T. XVII, 1909, p. 1.
600 1 4 _aFloridablanca, José Moñino,
_cConde de (
_d1728-1808)
_945164
600 1 7 _aGoya, Francisco de
_d(1746-1828)
_92476
610 2 4 _aReal Colegiata de San Isidro y Nuestra Señora del Buen Consejo (Madrid)
_965551
651 7 _aMadrid
_2embne
_975182
655 7 _aFotografías de obras de arte
_975675
852 _jFot-546
856 _3Fot-546
_uhttps://archivoybiblioteca.realacademiabellasartessanfernando.com/cgi-bin/koha/opac-retrieve-file.pl?id=6e925bdf4c0df0b3938c7c73c31fa262
942 _2ddc
_cFOTOGRAFÍA
_n0
999 _c84429
_d84429